000 01348cam a2200349 a 4500
001 12032914
003 OSt
005 20140310182243.0
008 000607s2000 nyu j 000 1 eng
010 _a 00044776
020 _a9780375823350
040 _aDLC
_cDLC
_dDLC
042 _alcac
050 0 0 _aPZ 7
_b.P968Am 2002
082 0 0 _aFIC P
_b96a 2002
100 1 _aPullman, Philip,
_d1946-
_919247
245 1 4 _aThe amber spyglass /
_cPhilip Pullman.
250 _a1st American ed.
260 _aNew York :
_bAlfred A. Knopf,
_cc2002.
300 _a518 p. ;
_c22 cm.
490 1 _aHis dark materials ;
_vbk. 3
650 1 _aFantasy.
_93293
650 1 _aSeries
_913189
800 1 _aPullman, Philip,
_d1946-
_tHis dark materials ;
_vbk. 3.
_919248
856 4 1 _3Sample text
_uhttp://www.loc.gov/catdir/samples/random042/00044776.html
856 4 2 _3Publisher description
_uhttp://www.loc.gov/catdir/description/random045/00044776.html
856 4 2 _3Contributor biographical information
_uhttp://www.loc.gov/catdir/enhancements/fy1101/00044776-b.html
906 _a7
_bcbc
_corignew
_d1
_eocip
_f20
_gy-gencatlg
942 _2lcc
_cBK-FIC
_kFIC
999 _c11191
_d11191